Adquisición del lenguaje y desarrollo de la mente: subsistemas lingüísticos y operaciones concretas

Guardat en:
Dades bibliogràfiques
Autor principal: Sinclair de Zwart, Hermina (Autor)
Format: Llibre
Idioma:espanyol
Publicat: Barcelona Oikos-tau 1978
Col·lecció:Colección Ciencias de la Educación
Matèries:
Etiquetes: Afegir etiqueta
Sense etiquetes, Sigues el primer a etiquetar aquest registre!

MARC

LEADER 00000nam a2200000 a 4500
001 UCW8118
003 CL-VaPUC
008 880519e19780000SP |||||||||||||||||spa|d
082 0 4 |a 153.4  |b SIN  |2 21 
100 0 |a Sinclair de Zwart, Hermina  |e author  |9 313225 
245 1 0 |a Adquisición del lenguaje y desarrollo de la mente: subsistemas lingüísticos y operaciones concretas 
300 |a 192 p 
942 |c BK 
945 |d 19880519 00:00:00 
260 |a Barcelona  |b Oikos-tau  |c 1978 
650 7 |a PSICOLOGIA GENETICA  |2 CL-VaPUC  |9 308771 
650 0 |a Psicolingüística   |9 283371 
650 0 |a Lenguaje y lenguas  |9 265846 
650 7 |a INTELIGENCIA EVOLUCION  |2 CL-VaPUC  |9 313226 
583 |a last modification  |c 19880519 00:00:00  |k Rodrigo Vera 
490 0 |a Colección Ciencias de la Educación 
999 |c 220591  |d 220589 
952 |0 0  |1 0  |4 0  |6 153_400000000000000_SIN_1978  |7 0  |8 A  |9 213037  |a FDOPOS  |b FDOPOS  |d 2019-11-15  |i 2813637  |o 153.4 SIN 1978  |p 2813637  |r 2025-01-22  |w 2019-11-15  |y BK  |k MLA